Library Banner

Perspectives on energy (Record no. 53437)

MARC details
000 -LEADER
fixed length control field 00469nam a2200169Ia 4500
001 - CONTROL NUMBER
control field 56124
008 - FIXED-LENGTH DATA ELEMENTS--GENERAL INFORMATION
fixed length control field 140506s9999 xx 000 0 und d
020 ## - INTERNATIONAL STANDARD BOOK NUMBER
International Standard Book Number 0198018796
040 ## - CATALOGING SOURCE
Transcribing agency PK-LaUMT
082 ## - DEWEY DECIMAL CLASSIFICATION NUMBER
Classification number MAL 333.79
Item number PER-
100 ## - MAIN ENTRY--PERSONAL NAME
Personal name Ruedisili, Lon C.
245 ## - TITLE STATEMENT
Title Perspectives on energy
Remainder of title issues, ideas, and environmental dilemmas
Statement of responsibility, etc Ruedisili, Lon C.
260 ## - PUBLICATION, DISTRIBUTION, ETC. (IMPRINT)
Place of publication, distribution, etc New York,USA:
Name of publisher, distributor, etc Oxford University Press,
Date of publication, distribution, etc 1975
300 ## - PHYSICAL DESCRIPTION
Extent 527 p.
546 ## - LANGUAGE NOTE
Language note EN
942 ## - ADDED ENTRY ELEMENTS (KOHA)
Koha item type Books
Holdings
Withdrawn status Lost status Damaged status Not for loan Home library Current library Date acquired Total Checkouts Full call number Barcode Date last seen Price effective from Koha item type
        UMT Main Campus UMT Main Campus 2014-05-06   MAL 333.79 PER- 75128 2014-05-08 2014-05-08 Books